| 000 | 00755cam a22002293a 4500 | ||
|---|---|---|---|
| 001 | 9457 | ||
| 003 | PGUSA | ||
| 005 | 20140828083212.0 | ||
| 008 | 051201s2005||||xxu|||||s|||||000 | eng d | ||
| 040 |
_aPGUSA _beng |
||
| 042 | _adc | ||
| 050 | 4 | _aDS | |
| 100 | 1 |
_aBurckhardt, John Lewis, _d1784-1817 |
|
| 245 | 1 | 0 |
_aTravels in Arabia; comprehending an account of those territories in Hedjaz which the Mohammedans regard as sacred _h[electronic resource] / _cJohn Lewis Burckhardt |
| 260 |
_bProject Gutenberg, _c2005 |
||
| 506 | _aPublic domain in the USA. | ||
| 516 | _aElectronic text | ||
| 653 | _aArabian Peninsula -- Description and travel | ||
| 830 | 0 |
_aProject Gutenberg _v9457 |
|
| 856 | 4 | 0 | _uhttp://www.gutenberg.org/ebooks/9457 |
| 942 | _cEB | ||
| 999 |
_c238713 _d238713 |
||